000 00327nam a2200133Ia 4500
008 240624s9999 xx 000 0 und d
041 _aeng
082 _a659.1 PAR
100 _aPARAMESWARAN AMBI
245 _aNAWABS NUDES NOODLES
260 _c2016
_aNew Delhi
_bPan Macmillan India
300 _a320 , p.
365 _cRS
_b30
999 _c30933
_d30933